Nová evanjelizácia zborník sympózia s medzinárodnou účasťou, 6. ročník Bratislava 15.-17.9. 1997

Bibliographic Details
Corporate Author: Nová evanjelizácia Bratislava, Slovensko (Author)
Other Authors: Csontos, Ladislav, 1952- (Compiler)
Format: Conference Proceeding Book
Language:Slovak
PhysicalDescription:236 s. 21 cm
Published: Trnava Dobrá kniha 1997
ISBN:8071411620
Subjects:

MARC

LEADER 00000cam a2200000 a 4500
001 vtls001304889
003 SK-MaSNL
005 20260301055412.0
008 150714s1997 xo ad fr 10000 slo
015 |a SNBA1998/02-00426 
020 |a 8071411620 
035 |a SNK000257102 
040 |a SNK  |b slo  |c SNK  |e AACR2 
041 0 |a slo 
044 |a xo  |c SK 
080 |a 260.1(082)\  |2 1981 
080 |a 266(082)\  |2 1981 
111 2 |a Nová evanjelizácia  |n (6. :  |d 1997 :  |c Bratislava, Slovensko)  |4 aut  |9 89885 
245 1 0 |a Nová evanjelizácia  |b zborník sympózia s medzinárodnou účasťou, 6. ročník Bratislava 15.-17.9. 1997  |c [zostavil: Ladislav Csontos] 
260 |a Trnava  |b Dobrá kniha  |c 1997 
300 |a 236 s.  |c 21 cm 
500 |a Čiast. text angl., franc., nem. 
500 |a Údaj o zost. prevzatý z tiráže 
500 |a Vyd. pre Aloisianum 
504 |a Bibliogr. odkazy. Pozn. Res. angl. 
650 0 7 |a evanjelizácia  |2 SNKPH  |9 4098 
650 0 7 |a misie  |2 SNKPH  |9 4097 
655 7 |a zborníky konferencií  |2 SNKPH  |9 70153 
655 7 |a príručky  |2 SNKPH  |9 74364 
700 1 |a Csontos, Ladislav,  |d 1952-  |4 com  |9 93641 
710 0 |a Aloisianum Bratislava  |4 pbl  |9 287611 
919 |a 80-7141-162-0 
958 |a ART 
958 |a TL 
958 |a NB 
999 |c 613290  |d 615220 
952 |t P60, <09>, [BOOK], {629}  |a SNK  |b SNK  |y NEVYP  |7 0  |o snkC 2252  |i snk4475/971007  |0 0  |1 0  |4 0  |d 1997-10-06  |l 0  |r 2005-01-02 00:00:00  |w 2026-02-23 
952 |t P60, <03>, [BOOK], {603}  |a SNK  |b SNK  |y PREZ  |7 0  |p 17A0100312  |o snkSC 94214  |i snkKSP 10261/97  |0 0  |1 0  |4 0  |d 1997-10-06  |l 0  |r 2025-09-11 00:00:00  |w 2026-02-23 
952 |t P60, <04>, [BOOK], {604}  |a SNK  |b SNK  |y VYP  |7 0  |p 17A0100313  |o snkSC 94214 D1  |i snkKSP 10262/97  |0 0  |1 0  |4 0  |d 1997-10-06  |l 0  |r 2005-01-02 00:00:00  |w 2026-02-23